Sports Quiz

Random Sports Quiz

MAC Conference NFL 1st Round Picks Since 1998 Quiz Stats

 Plays Quiz not verified by Sporcle

Score 0/12 Timer 06:00
0 Plays Today
Hint Answer % Correct
1998: #21 Vikings WR MarshallRandy Moss
98.1%
2004: #11 Steelers QB MiamiBen Roethlisberger
98.1%
2003: #7 Jaguars QB MarshallByron Leftwich
92.6%
2000: #18 Jets QB MarshallChad Pennington
90.7%
2014: #5 Raiders LB BuffaloKhalil Mack
72.2%
2013: #1 Chiefs T Central MichiganEric Fisher
61.1%
2007: #28 49ers T Central MichiganJoe Staley
59.3%
2011: #30 Jets DT TempleMuhammad Wilkerson
42.6%
2014: #30 49ers S Northern IllinoisJimmie Ward
40.7%
2009: #16 Chargers DE/LB Northern IllinoisLarry English
38.9%
2004: #27 Texans DE/LB Western MichiganJason Babin
37%
1999: #21 Cardinals T Eastern MichiganL.J. Shelton
16.7%

You're not logged in!

Compare scores with friends on all Sporcle quizzes.
OR
Log In

Sporcle TV

Today on Sporcle TV


Watch our educational content, quiz creation guides, and fun videos on Sporcle TV.

Show Comments

Extras

Top Quizzes Today


Score Distribution

Your Account Isn't Verified!

In order to create a playlist on Sporcle, you need to verify the email address you used during registration. Go to your Sporcle Settings to finish the process.

Report this User

Report this user for behavior that violates our Community Guidelines.

Details: